000 00906nam a2200253 a 4500
001 000043458
005 20240313073818.0
008 140318s2004 dr ad 000 0 spa d
020 _a9993403601
040 _aDO-SdBNP
_bspa
_cBNPHU
082 _a327.46
_bC146p, 2004
100 1 _aCalduch Cervera, Rafael,
_d1952-
_971143
245 1 3 _aLa política exterior de España :
_bbalance y perspectivas /
_cRafael Calduch Cervera.
250 _a2ª ed.
260 _aSanto Domingo :
_bFUNGLODE,
_c2004.
300 _a47 p. :
_bil., gráfcs., tabls. ;
_c24 cm.
490 1 _aPensamiento contemporáneo ;
_v3
590 _aInventariado,2018/DG
651 4 _aEspaña
_xRelaciones Exteriores
_98005
651 4 _aEspaña
_xPolítica Y Gobierno
_93501
710 2 _aFundación Global Democracía y Desarrollo
_925477
830 0 _aPensamiento contemporáneo ;
_v3
_97292
910 _aValidado. Control de calidad EMS
999 _c42947
_d42947